| 000 | 00475 a2200169 4500 | ||
|---|---|---|---|
| 005 | 20240801142427.0 | ||
| 008 | 240801b |||||||| |||| 00| 0 eng d | ||
| 020 | _a9781943704347 | ||
| 082 | _a658.404 MUL;1 R | ||
| 100 | _aMulcahy, Rita. | ||
| 245 | _aPMP exam prep : accelerated learning to pass the project management professional | ||
| 250 | _a11th ed. | ||
| 260 |
_bRMCPublications _aMinnetonka _c2023 |
||
| 264 | _bShroff Pub | ||
| 300 | _axvi, 447 | ||
| 942 | _cPU | ||
| 999 |
_c297370 _d297370 |
||